| 000 | 00622cam a22002173a 4500 | ||
|---|---|---|---|
| 001 | 6883 | ||
| 003 | PGUSA | ||
| 005 | 20140828083138.0 | ||
| 008 | 041101s2004||||xxu|||||s|||||000 | eng d | ||
| 040 |
_aPGUSA _beng |
||
| 042 | _adc | ||
| 050 | 4 | _aBX | |
| 245 | 1 | 4 |
_aThe Life of Venerable Sister Margaret Bourgeois _h[electronic resource] / _cAnonymous |
| 260 |
_bProject Gutenberg, _c2004 |
||
| 506 | _aPublic domain in the USA. | ||
| 516 | _aElectronic text | ||
| 653 | _aBourgeoys, Marguerite, Saint, 1620-1700 | ||
| 830 | 0 |
_aProject Gutenberg _v6883 |
|
| 856 | 4 | 0 | _uhttp://www.gutenberg.org/ebooks/6883 |
| 942 | _cEB | ||
| 999 |
_c236203 _d236203 |
||